Ḥayāt al-ṣaḥābah, (Record no. 49890)

MARC details
000 -LEADER
fixed length control field 00879cam a22002531 4500
001 - CONTROL NUMBER
control field ne 67002023
003 - CONTROL NUMBER IDENTIFIER
control field DLC
005 - DATE AND TIME OF LATEST TRANSACTION
control field 20260227111835.0
008 - FIXED-LENGTH DATA ELEMENTS--GENERAL INFORMATION
fixed length control field 900711m19651969ua 000 0 arar
010 ## - LIBRARY OF CONGRESS CONTROL NUMBER
LC control number ne 67002023
025 ## - OVERSEAS ACQUISITION NUMBER
Overseas acquisition number PL480:UAR-7078
035 ## - SYSTEM CONTROL NUMBER
System control number (OCoLC)21989323
040 ## - CATALOGING SOURCE
Original cataloging agency DLC
Transcribing agency WaU
Modifying agency WaU
-- DLC
042 ## - AUTHENTICATION CODE
Authentication code premarc
050 00 - LIBRARY OF CONGRESS CALL NUMBER
Classification number BP75.5
Item number .K3
100 2# - MAIN ENTRY--PERSONAL NAME
Personal name Kāndihlawī al-Dihlawī, Muḥammad Yūsuf ibn Muḥammad Ilyās,
Dates associated with a name 1917-1965.
245 10 - TITLE STATEMENT
Title Ḥayāt al-ṣaḥābah,
Statement of responsibility, etc. taʼlīf Muḥammad Yūsuf Najl Muḥammad Ilyās al-Kāndh́ilawī.
250 ## - EDITION STATEMENT
Edition statement al-Ṭabʻah 2
260 ## - PUBLICATION, DISTRIBUTION, ETC.
Place of publication, distribution, etc. [al-Qāhirah,
Name of publisher, distributor, etc. Maktabat Dār al-ʻUrūbah,
Date of publication, distribution, etc. 1965-69]
300 ## - PHYSICAL DESCRIPTION
Extent 3 v.
Dimensions 24 cm.
500 ## - GENERAL NOTE
General note Vol. 2-3 have imprint: al-Qāhirah, Dār al-Naṣr lil-Ṭibāʻah.
600 00 - SUBJECT ADDED ENTRY--PERSONAL NAME
Personal name Muḥammad,
Titles and other words associated with a name Prophet,
Dates associated with a name -632
General subdivision Companions.
600 00 - SUBJECT ADDED ENTRY--PERSONAL NAME
Personal name Muḥammad,
Titles and other words associated with a name Prophet,
Dates associated with a name -632.

No items available.

Powered by Koha